<?xml version="1.0" encoding="UTF-8"?>
<record
    xmlns:xsi="http://www.w3.org/2001/XMLSchema-instance"
    xsi:schemaLocation="http://www.loc.gov/MARC21/slim http://www.loc.gov/standards/marcxml/schema/MARC21slim.xsd"
    xmlns="http://www.loc.gov/MARC21/slim">

  <leader>01727nam a2200229   4500</leader>
  <controlfield tag="001">ESSALUD</controlfield>
  <controlfield tag="005">20260701144649.0</controlfield>
  <controlfield tag="007">ta</controlfield>
  <controlfield tag="008">      t        pe ||||| |||| 00| 0 spa d</controlfield>
  <datafield tag="040" ind1=" " ind2=" ">
    <subfield code="a">BMG</subfield>
  </datafield>
  <datafield tag="041" ind1=" " ind2=" ">
    <subfield code="a">spa</subfield>
  </datafield>
  <datafield tag="100" ind1=" " ind2=" ">
    <subfield code="a">Tribunal Registral </subfield>
    <subfield code="e">Autor</subfield>
    <subfield code="9">53048</subfield>
  </datafield>
  <datafield tag="245" ind1=" " ind2=" ">
    <subfield code="a">El testamento caduca si posteriormente el otorgante contrae matrimonio</subfield>
  </datafield>
  <datafield tag="300" ind1=" " ind2=" ">
    <subfield code="a">p&#xE1;ginas 100-109</subfield>
  </datafield>
  <datafield tag="520" ind1=" " ind2=" ">
    <subfield code="a">Si se prueba fehacientemente la existencia de hijos del causante luego del otorgamiento de su testamento, o si el causante contrae matrimonio y tiene un nuevo c&#xF3;nyuge (un heredero forzoso m&#xE1;s), el testamento caducar&#xED;a. Siendo as&#xED;, se colige que al haber contra&#xED;do matrimonio la testadora con posterioridad al otorgamiento de su testamento, la instituci&#xF3;n de herederos expresada en dicho testamento ha caducado, en raz&#xF3;n que debe ser considerado al c&#xF3;nyuge sup&#xE9;rstite como heredero forzoso. Esto configurar&#xED;a lo previsto en el art&#xED;culo 815 inciso 2 del C&#xF3;digo Civil, que se&#xF1;ala: "La herencia corresponde a los herederos legales cuando: 2. ( ... ) se ha declarado la caducidad o invalidez de la disposici&#xF3;n que lo instituye"; con lo cual se abre la posibilidad que, una vez que se inscriba la referida caducidad, se pueda registrar la anotaci&#xF3;n preventiva de la sucesi&#xF3;n intestada de la causante, esto es, debido a que los herederos instituidos en el testamento tienen la calidad de voluntarios.</subfield>
  </datafield>
  <datafield tag="650" ind1=" " ind2=" ">
    <subfield code="a">TESTAMENTO</subfield>
    <subfield code="9">53066</subfield>
  </datafield>
  <datafield tag="650" ind1=" " ind2=" ">
    <subfield code="a">DERECHO SUCESORIO</subfield>
    <subfield code="9">53065</subfield>
  </datafield>
  <datafield tag="650" ind1=" " ind2=" ">
    <subfield code="a">MATRIMONIO</subfield>
    <subfield code="9">4207</subfield>
  </datafield>
  <datafield tag="650" ind1=" " ind2=" ">
    <subfield code="a">HERENCIA</subfield>
    <subfield code="9">1215</subfield>
  </datafield>
  <datafield tag="773" ind1="0" ind2=" ">
    <subfield code="0">22573</subfield>
    <subfield code="9">22621</subfield>
    <subfield code="d">Lima Grupo Praxis Formaci&#xF3;n Profesional, 2026-</subfield>
    <subfield code="o">PRA002</subfield>
    <subfield code="t">Praxis Civil &amp; Procesal Civil</subfield>
    <subfield code="w">ESSALUD</subfield>
    <subfield code="x">3119-7671</subfield>
  </datafield>
  <datafield tag="942" ind1=" " ind2=" ">
    <subfield code="c">ARTICULOS</subfield>
    <subfield code="e">2026-07-01</subfield>
    <subfield code="z">sqb</subfield>
  </datafield>
  <datafield tag="999" ind1=" " ind2=" ">
    <subfield code="c">22600</subfield>
    <subfield code="d">22600</subfield>
  </datafield>
</record>
